000 00573nam a2200229Ia 4500
003 OSt
005 20220924144740.0
006 a|||||r|||| 00| 0
007 ta
008 220923b |||||||| |||| 00| 0 tam d
024 _a320401
037 _cTextual
040 _aARTS
_cARTS
_btam
041 _2tam
_atam
082 _aO31,1N26x, J9
100 _aKannadasan Au.
_9218325
245 0 _aKannadasan kavithaikal
260 _c1959
650 _aTAMIL POETRY
942 _hO31,1N26x, J9
_cTEXL
_2CC
999 _c458145
_d458145